[Event "Cto Aragón Equipos Pref Gr I"]
[Site "Aragón"]
[Date "2014.02.15"]
[Round "4.43"]
[White "Saura Solano, Jose Luis"]
[Black "Manguez Tomas, Andres"]
[Result "1-0"]
[WhiteElo "1775"]
[BlackElo "1673"]
[PlyCount "137"]
[EventDate "2014.??.??"]
[EventRounds "9"]
[EventCountry "ESP"]
[WhiteTeam "Binefar"]
[BlackTeam "Agrupacion B"]

1. Nf3 d5 2. d4 e6 3. c4 f5 4. g3 Nf6 5. Bg2 c6 6. O-O Bd6 7. Nbd2 O-O 8. b3
Nbd7 9. Bb2 b6 10. Ne5 Qc7 11. Ndf3 Bxe5 12. dxe5 Ne4 13. Rc1 Qd8 14. cxd5 cxd5
15. Nd2 Ba6 16. f3 Nxd2 17. Qxd2 Kh8 18. Rc6 Qe8 19. Rc2 Qd8 20. Rfc1 Rc8 21.
Rxc8 Bxc8 22. Qc2 Ba6 23. Bf1 f4 24. Qc6 fxg3 25. hxg3 Nc5 26. Rxc5 bxc5 27.
Qxa6 Qg5 28. Kg2 Qd2 29. Ba3 Qxa2 30. Qd6 Rg8 31. Qxc5 Qxb3 32. Qxa7 Qc2 33.
Qd7 Qf5 34. Bd6 Qg6 35. Kh2 h6 36. Bh3 Qc2 37. Qb5 Qg6 38. Kg2 Qf7 39. Qc6 Re8
40. Qc7 Qg6 41. Qd7 Kh7 42. Kf2 Kh8 43. Qb5 Rg8 44. Qd3 Qf7 45. e4 dxe4 46.
Qxe4 Qa7+ 47. Qe3 Qa2+ 48. Qe2 Qd5 49. Qc2 Ra8 50. Ke3 Ra2 51. Qd3 Qa5 52. Bxe6
Qe1+ 53. Kd4 Rd2 54. Bc4 Rxd3+ 55. Bxd3 Qxg3 56. Be4 Qf2+ 57. Kd5 Qa2+ 58. Kc6
h5 59. Kd7 Qa7+ 60. Ke8 Qb6 61. Kf7 Qa7+ 62. Be7 h4 63. e6 h3 64. f4 h2 65. f5
Qd4 66. f6 gxf6 67. Bxf6+ Qxf6+ 68. Kxf6 Kg8 69. e7 1-0

[Event "Cto Aragón Equipos Pref Gr I"]
[Site "Aragón"]
[Date "2014.02.15"]
[Round "4.44"]
[White "Serrat Claver, David"]
[Black "Bayona Bafaluy, Jose Maria"]
[Result "1-0"]
[WhiteElo "1631"]
[BlackElo "1759"]
[PlyCount "31"]
[EventDate "2014.??.??"]
[EventRounds "9"]
[EventCountry "ESP"]
[WhiteTeam "Agrupacion B"]
[BlackTeam "Binefar"]

1. e4 c5 2. Nf3 e6 3. b3 b6 4. Bb2 Bb7 5. Nc3 d5 6. exd5 exd5 7. d4 Nf6 8. Bb5+
Nbd7 9. O-O Be7 10. Ne5 Rc8 11. Nxd7 Nxd7 12. dxc5 Rxc5 13. Ba3 Rxc3 14. Bxe7
Qc8 15. Qe1 Rc6 16. Bd6+ 1-0

[Event "Cto Aragón Equipos Pref Gr I"]
[Site "Aragón"]
[Date "2014.02.15"]
[Round "4.45"]
[White "Flores Samperiz, Jorge"]
[Black "Felez Casedas, Carlos"]
[Result "1-0"]
[WhiteElo "1973"]
[BlackElo "2019"]
[PlyCount "77"]
[EventDate "2014.??.??"]
[EventRounds "9"]
[EventCountry "ESP"]
[WhiteTeam "Helios B"]
[BlackTeam "L´Aurora Estadilla B"]

1. d4 e6 2. c4 Nf6 3. Nc3 d5 4. Nf3 Be7 5. e3 O-O 6. c5 b6 7. b4 a5 8. bxa5
bxc5 9. Bd2 cxd4 10. exd4 Bb4 11. Bd3 Ba6 12. Bxa6 Rxa6 13. Ne5 Bxa5 14. Qe2
Qd6 15. O-O Bxc3 16. Bxc3 Nbd7 17. Nxd7 Nxd7 18. Bb4 c5 19. dxc5 Qc6 20. Rac1
Raa8 21. Rc3 d4 22. Rh3 Rfe8 23. a3 e5 24. Qd3 g6 25. Rc1 Qd5 26. Qd2 h5 27.
Qg5 Kh7 28. g4 f6 29. Qd2 Nf8 30. gxh5 g5 31. f3 e4 32. fxe4 Rxe4 33. Qd3 Kh6
34. Qf3 f5 35. c6 g4 36. Qb3 Qe5 37. Qf7 gxh3 38. Bxf8+ Rxf8 39. Qg6# 1-0

[Event "Cto Aragón Equipos Pref Gr I"]
[Site "Aragón"]
[Date "2014.02.15"]
[Round "4.46"]
[White "Fuentes Espuna, Juan Antonio"]
[Black "Anson Casaos, Alejandro"]
[Result "1-0"]
[WhiteElo "1920"]
[BlackElo "1902"]
[PlyCount "85"]
[EventDate "2014.??.??"]
[EventRounds "9"]
[EventCountry "ESP"]
[WhiteTeam "L´Aurora Estadilla B"]
[BlackTeam "Helios B"]

1. d4 Nf6 2. c4 c5 3. d5 e6 4. Nc3 exd5 5. cxd5 d6 6. e4 g6 7. Bd3 Bg7 8. Nge2
O-O 9. Bf4 a6 10. a4 Re8 11. Qd2 Ng4 12. O-O Ne5 13. Bxe5 Bxe5 14. f4 Bg7 15.
Rae1 Nd7 16. Ng3 Rb8 17. f5 Ne5 18. fxg6 fxg6 19. Be2 c4 20. Kh1 b5 21. axb5
axb5 22. Na2 Bg4 23. Nb4 Bxe2 24. Nxe2 Qb6 25. Nf4 Bh6 26. Qc3 Bxf4 27. Rxf4
Rf8 28. g3 g5 29. Rf5 Rxf5 30. exf5 Qf2 31. Qe3 Qxf5 32. Nc6 Nxc6 33. dxc6 Qd5+
34. Kg1 Rc8 35. Qe7 Qc5+ 36. Re3 Rf8 37. c7 Qf5 38. Qe6+ Qxe6 39. Rxe6 Rc8 40.
Re7 Kf8 41. Rxh7 Ke8 42. Kf2 d5 43. Ke3 1-0

[Event "Cto Aragón Equipos Pref Gr I"]
[Site "Aragón"]
[Date "2014.02.15"]
[Round "4.47"]
[White "Flores, Francisco"]
[Black "Puertolas Serena, Arturo"]
[Result "0-1"]
[WhiteElo "1834"]
[BlackElo "1917"]
[PlyCount "76"]
[EventDate "2014.??.??"]
[EventRounds "9"]
[EventCountry "ESP"]
[WhiteTeam "Helios B"]
[BlackTeam "L´Aurora Estadilla B"]

1. e4 c6 2. d4 d5 3. exd5 cxd5 4. g3 Nf6 5. Bg2 Bg4 6. Nf3 e6 7. O-O Nc6 8. c3
Be7 9. Bf4 Qb6 10. Qb3 Nd7 11. Nbd2 O-O 12. Rfe1 Rac8 13. Rac1 Na5 14. Qxb6
Nxb6 15. Ne5 Bf5 16. g4 Bg6 17. Nxg6 hxg6 18. b3 Ba3 19. Rc2 Nc6 20. Nb1 Be7
21. Rcc1 Rfd8 22. g5 Bd6 23. Bxd6 Rxd6 24. Nd2 Ne7 25. Bh3 Rdc6 26. Re3 R6c7
27. f4 Nc6 28. Nf3 Nd7 29. c4 dxc4 30. Rxc4 Nb6 31. Rc2 Nxd4 32. Rxc7 Nxf3+ 33.
Rxf3 Rxc7 34. Kg2 Nd5 35. Kg3 Rc2 36. a3 Nc3 37. Rd3 Nd5 38. Bg2 Rxg2+ 0-1

[Event "Cto Aragón Equipos Pref Gr I"]
[Site "Aragón"]
[Date "2014.02.15"]
[Round "4.48"]
[White "Landa Galindo, Victor"]
[Black "Gonzalez Azuara, Javier"]
[Result "1-0"]
[WhiteElo "1904"]
[BlackElo "1672"]
[PlyCount "61"]
[EventDate "2014.??.??"]
[EventRounds "9"]
[EventCountry "ESP"]
[WhiteTeam "L´Aurora Estadilla B"]
[BlackTeam "Helios B"]

1. e4 e6 2. d4 d5 3. Nc3 Be7 4. Bd3 Nf6 5. e5 Nfd7 6. Nce2 c5 7. c3 Nc6 8. f4
Qb6 9. Nf3 f5 10. O-O a5 11. Kh1 Qa7 12. Bb5 a4 13. Be3 c4 14. a3 Qa5 15. Bxc6
bxc6 16. Qc2 Rb8 17. Rad1 Ba6 18. Ng5 Bxg5 19. fxg5 Qb5 20. Bc1 c5 21. Rf4 Rb6
22. h3 Nb8 23. g4 g6 24. gxf5 gxf5 25. Rh4 cxd4 26. Nxd4 Qd7 27. Rh6 Bc8 28.
Nxf5 O-O 29. Nd6 Qg7 30. Rg1 Qxe5 31. Qxh7# 1-0

[Event "Cto Aragón Equipos Pref Gr I"]
[Site "Aragón"]
[Date "2014.02.15"]
[Round "4.49"]
[White "Ainsa Claver, Ignacio"]
[Black "Cebrian Valverde, Jose Antonio"]
[Result "0-1"]
[WhiteElo "1968"]
[BlackElo "2141"]
[PlyCount "120"]
[EventDate "2014.??.??"]
[EventRounds "9"]
[EventCountry "ESP"]
[WhiteTeam "Sabiñanigo"]
[BlackTeam "San Jose"]

1. f4 c5 2. b3 d5 3. Bb2 Nc6 4. Nf3 Nf6 5. e3 g6 6. Be2 Bg7 7. O-O O-O 8. Ne5
Qd6 9. d4 Bf5 10. Nc3 cxd4 11. Nb5 Qc5 12. exd4 Qb6 13. c3 Rac8 14. Na3 Nxe5
15. fxe5 Ne4 16. Rc1 Bxe5 17. g4 Be6 18. Kg2 Bb8 19. Bf3 Qd6 20. Rh1 Qf4 21.
Qe2 f5 22. c4 fxg4 23. Bxe4 dxe4 24. Rcf1 Qf3+ 25. Qxf3 gxf3+ 26. Kf2 Bh3 27.
Re1 Bg2 28. Rhg1 Bxh2 29. Rxg2 fxg2+ 30. Kxg2 Bf4 31. Rxe4 Bg5 32. d5 Rf5 33.
Bd4 a6 34. Nc2 Rcf8 35. Bc5 R8f7 36. Nd4 Rf2+ 37. Kg3 Rxa2 38. Ne6 Bf6 39. Nd8
Rf8 40. Nxb7 Rb8 41. Bxe7 Rxb7 42. Bxf6 Rxb3+ 43. Kf4 Rf2+ 44. Ke5 Rf5+ 45. Ke6
Rb6+ 46. d6 Rxd6+ 47. Kxd6 Rxf6+ 48. Re6 Rf2 49. c5 Rd2+ 50. Ke7 Rc2 51. c6 g5
52. Kd7 Kf7 53. Rd6 g4 54. c7 g3 55. c8=Q Rxc8 56. Kxc8 h5 57. Rxa6 g2 58. Ra1
h4 59. Rg1 h3 60. Kd7 Kf6 0-1

[Event "Cto Aragón Equipos Pref Gr I"]
[Site "Aragón"]
[Date "2014.02.15"]
[Round "4.50"]
[White "Gimeno Oteo, Marco Antonio"]
[Black "Calleja Sanchez, Alfredo"]
[Result "1-0"]
[WhiteElo "2121"]
[BlackElo "1894"]
[PlyCount "49"]
[EventDate "2014.??.??"]
[EventRounds "9"]
[EventCountry "ESP"]
[WhiteTeam "San Jose"]
[BlackTeam "Sabiñanigo"]

1. e4 c5 2. Nf3 d6 3. d4 cxd4 4. Nxd4 Nf6 5. Nc3 a6 6. Bg5 Nbd7 7. Bc4 Qc7 8.
Qe2 b6 9. O-O-O Bb7 10. f4 h6 11. Bxf6 Nxf6 12. e5 d5 13. Bb3 Nd7 14. Bxd5 e6
15. Bxe6 Nc5 16. Bd5 Bxd5 17. Nxd5 Qb7 18. Nc3 O-O-O 19. Nf5 Rxd1+ 20. Rxd1 g6
21. Nd6+ Bxd6 22. Rxd6 b5 23. Qe3 Ne6 24. Nd5 Rd8 25. Qc3+ 1-0

[Event "Cto Aragón Equipos Pref Gr I"]
[Site "Aragón"]
[Date "2014.02.15"]
[Round "4.51"]
[White "Climente Martinez, Jose Luis"]
[Black "Gutierrez Mingueza, Ruben"]
[Result "0-1"]
[WhiteElo "1888"]
[BlackElo "2081"]
[PlyCount "88"]
[EventDate "2014.??.??"]
[EventRounds "9"]
[EventCountry "ESP"]
[WhiteTeam "Sabiñanigo"]
[BlackTeam "San Jose"]

1. d4 Nf6 2. Nf3 e6 3. c4 d5 4. Nc3 Be7 5. Bg5 O-O 6. e3 h6 7. Bh4 b6 8. cxd5
exd5 9. Qc2 Be6 10. Ne5 c5 11. Be2 Nfd7 12. Bxe7 Qxe7 13. Nf3 Nc6 14. O-O Nf6
15. Rfd1 Rfd8 16. Rac1 Rac8 17. a3 Nb8 18. h3 Qb7 19. Qb1 Nbd7 20. Nb5 Nb8 21.
Ne5 a6 22. Nc3 Nbd7 23. f4 Ne4 24. Nxe4 dxe4 25. d5 Nxe5 26. dxe6 Nd3 27. exf7+
Qxf7 28. Bxd3 exd3 29. Rxd3 c4 30. Rxd8+ Rxd8 31. Rd1 Rd5 32. Qc2 b5 33. g3 a5
34. e4 Rxd1+ 35. Qxd1 Qa7+ 36. Kg2 Qe3 37. e5 Qe4+ 38. Kf2 b4 39. axb4 axb4 40.
Qd2 c3 41. bxc3 b3 42. h4 Qa8 43. Ke3 Qa7+ 44. Kd3 Qa2 0-1

[Event "Cto Aragón Equipos Pref Gr I"]
[Site "Aragón"]
[Date "2014.02.15"]
[Round "4.52"]
[White "Rubio Tello, Abel"]
[Black "Garcia Estruch, Jorge"]
[Result "1-0"]
[WhiteElo "1860"]
[BlackElo "1869"]
[PlyCount "79"]
[EventDate "2014.??.??"]
[EventRounds "9"]
[EventCountry "ESP"]
[WhiteTeam "San Jose"]
[BlackTeam "Sabiñanigo"]

1. d4 Nf6 2. Nf3 g6 3. b4 Bg7 4. Bb2 d5 5. e3 O-O 6. c4 c6 7. Be2 Bg4 8. Nbd2
Nbd7 9. O-O a5 10. a3 Re8 11. c5 Ne4 12. Ne5 Bxe2 13. Qxe2 Nxd2 14. Qxd2 f6 15.
Nxd7 Qxd7 16. bxa5 e5 17. Bc3 e4 18. Rab1 f5 19. Rb6 Bf6 20. Rfb1 Ra7 21. Qb2
Re7 22. Qe2 g5 23. a6 bxa6 24. Rxa6 f4 25. Rb8+ Kf7 26. exf4 Rxa6 27. Qxa6 gxf4
28. Qc8 Qxc8 29. Rxc8 Rb7 30. Bb4 Bxd4 31. Rxc6 e3 32. Kf1 Re7 33. Rd6 Bb2 34.
Rxd5 Kf6 35. c6 Rc7 36. Rd6+ Ke5 37. Ke2 Bd4 38. Rh6 Rf7 39. Bd6+ Ke4 40. c7 {
ILEGIBLE} 1-0

[Event "Cto Aragón Equipos Pref Gr II"]
[Site "Aragon"]
[Date "2014.02.15"]
[Round "4.54"]
[White "Gracia Campo, Carlos Alberto"]
[Black "Aviol Perez, Jose Mariano"]
[Result "1-0"]
[WhiteElo "2049"]
[BlackElo "1958"]
[PlyCount "133"]
[EventDate "2014.??.??"]
[WhiteTeam "El Olivar C"]
[BlackTeam "Actur Rey Fernando"]

1. e4 d6 2. d4 Nf6 3. Nc3 g6 4. Bg5 Bg7 5. Qd2 c6 6. O-O-O Nbd7 7. f3 b5 8. e5
b4 9. exf6 bxc3 10. Qxc3 Nxf6 11. Qxc6+ Bd7 12. Qa6 O-O 13. Bc4 Qc7 14. Bb3
Rab8 15. Qd3 a5 16. Bxf6 Bxf6 17. Ne2 a4 18. Bc4 Rfc8 19. Ba6 Bf5 20. Qc3 Qb6
21. Bxc8 Rxc8 22. Qd2 Rxc2+ 23. Qxc2 Bxc2 24. Kxc2 e6 25. Rd3 d5 26. Rhd1 Qa7
27. Nc3 Kf8 28. b3 axb3+ 29. axb3 Qc7 30. g3 h5 31. Kb2 h4 32. f4 Kg7 33. Rc1
Qb6 34. Rcd1 Kh6 35. g4 g5 36. f5 Kg7 37. fxe6 fxe6 38. h3 Kf7 39. Na4 Qc7 40.
Rc1 Qb8 41. Ka3 e5 42. dxe5 Qxe5 43. Rcd1 Qe7+ 44. b4 d4 45. Nc5 Qa7+ 46. Kb3
Kg6 47. Re1 Qa8 48. Kc4 Qa2+ 49. Kb5 Qd5 50. Re6 Kf7 51. Rb6 Be5 52. Rb7+ Kg6
53. Rd7 Qa8 54. Rb7 Qe8+ 55. Rd7 Qa8 56. Kc4 Qa2+ 57. Rb3 Qc2+ 58. Kd5 Bf6 59.
Rd6 Qg2+ 60. Ne4 Qc2 61. Rxf6+ Kg7 62. Ra3 d3 63. Ra7+ Kg8 64. Rc6 Qb3+ 65. Ke5
Qb2+ 66. Kf5 Qc2 67. Rxc2 1-0

[Event "Cto Aragón Equipos Pref Gr II"]
[Site "Aragon"]
[Date "2014.02.15"]
[Round "4.55"]
[White "Leon Dionis, Mateo"]
[Black "Bayod Rubia, Angel"]
[Result "1/2-1/2"]
[WhiteElo "1788"]
[BlackElo "2002"]
[PlyCount "175"]
[EventDate "2014.??.??"]
[WhiteTeam "Actur Rey Fernando"]
[BlackTeam "El Olivar C"]

1. d4 Nf6 2. Nf3 d6 3. g3 g6 4. Bg2 Bg7 5. O-O O-O 6. Re1 c6 7. c3 Qc7 8. Nbd2
Nbd7 9. Nb3 Re8 10. Qc2 e5 11. dxe5 Nxe5 12. Nxe5 dxe5 13. e4 b6 14. f3 Be6 15.
Be3 Rad8 16. Rad1 Bc4 17. Bf1 Be6 18. Bg2 Qc8 19. Rxd8 Rxd8 20. Rd1 Ne8 21.
Rxd8 Qxd8 22. Qd2 Qe7 23. Nc1 Nd6 24. b3 Bf8 25. Nd3 f6 26. Nb4 Qc7 27. Nc2 Nb7
28. Bf1 Qd6 29. Qxd6 Bxd6 30. Kf2 Kf7 31. Nb4 Nd8 32. Nd3 Bd7 33. Nb2 Ne6 34.
Nd3 Nc7 35. Nb2 Be7 36. Bc4+ Kg7 37. Bf1 Ne6 38. Nd3 Nc7 39. Nb2 Be6 40. Kg2
Kf7 41. Kf2 Nb5 42. Bxb5 cxb5 43. Nd3 Bd6 44. Nb4 Bd7 45. h4 Ke6 46. Nd3 f5 47.
Bh6 Bc6 48. Ke3 Bb7 49. b4 Bc8 50. Bg7 Bd7 51. f4 fxe4 52. Kxe4 Bc6+ 53. Ke3 e4
54. Nf2 a5 55. a3 Be7 56. Nxe4 Kd5 57. Nd2 a4 58. Bd4 Bd8 59. Bg7 Bd7 60. Be5
g5 61. hxg5 Bxg5 62. Bc7 Bf6 63. Ne4 Bg7 64. Bxb6 Bf5 65. Nf2 Bxc3 66. g4 Bc2
67. f5 Bb2 68. Nd3 Bxa3 69. Bc5 Bxd3 70. Kxd3 Bb2 71. Kc2 Bf6 72. Be3 Be7 73.
Kc3 Bf8 74. Bd4 h6 75. Bh8 Kd6 76. Kd3 Kd5 77. Bc3 Be7 78. f6 Bf8 79. Bd2 Ke6
80. Bc3 Kf7 81. Ke4 Kg6 82. Kd5 a3 83. Kc6 Kg5 84. Kxb5 Kxg4 85. Ka4 a2 86. Ka3
Kf5 87. Kxa2 h5 88. Be1 1/2-1/2

[Event "Cto Aragón Equipos Pref Gr II"]
[Site "Aragon"]
[Date "2014.02.15"]
[Round "4.56"]
[White "Labrador Postigo, Francisco M"]
[Black "Fernandez Sierra, Pedro Jose"]
[Result "0-1"]
[WhiteElo "1911"]
[BlackElo "1706"]
[PlyCount "60"]
[EventDate "2014.??.??"]
[WhiteTeam "El Olivar C"]
[BlackTeam "Actur Rey Fernando"]

1. d4 Nf6 2. Bg5 d5 3. Bxf6 exf6 4. e3 Bd6 5. Bd3 Nc6 6. c3 Qe7 7. Nd2 f5 8.
Ngf3 f4 9. O-O fxe3 10. Re1 exf2+ 11. Kxf2 Be6 12. c4 Nb4 13. Bf1 c6 14. a3 Na6
15. cxd5 cxd5 16. Bb5+ Kf8 17. Rc1 Nc7 18. Bd3 g6 19. Qb3 Kg7 20. Qxb7 Rhb8 21.
Qc6 Rxb2 22. Qc3 Rab8 23. Qa5 Qf6 24. Kg1 Nb5 25. Bxb5 R8xb5 26. Qxa7 Bf4 27.
Rc6 Rb7 28. Rcxe6 fxe6 29. Qa6 Bxd2 30. Rxe6 Be3+ 0-1

[Event "Cto Aragón Equipos Pref Gr II"]
[Site "Aragon"]
[Date "2014.02.15"]
[Round "4.57"]
[White "Planas Torrea, Francisco Javie"]
[Black "Hinojar Basa, Alfonso"]
[Result "1/2-1/2"]
[WhiteElo "2034"]
[BlackElo "2201"]
[PlyCount "141"]
[EventDate "2014.??.??"]
[WhiteTeam "Ejea"]
[BlackTeam "Marcos Frechin"]

1. e4 e6 2. d4 d5 3. exd5 exd5 4. Bd3 Nc6 5. c3 Bd6 6. Ne2 Qh4 7. g3 Qh5 8. Nf4
Qxd1+ 9. Kxd1 Bg4+ 10. Be2 Bxe2+ 11. Nxe2 Nf6 12. f3 O-O-O 13. Nd2 g5 14. Nb3
Rdg8 15. Be3 Ne7 16. Rf1 Nf5 17. Bg1 Re8 18. Kd2 b6 19. a4 a5 20. Rae1 h5 21.
Nec1 Rxe1 22. Kxe1 Re8+ 23. Kd2 h4 24. g4 Bf4+ 25. Kd1 Ne3+ 26. Bxe3 Rxe3 27.
h3 Kd7 28. Na1 Ne8 29. Nc2 Re6 30. Nd3 Bg3 31. Kd2 Nd6 32. Ne3 Nc4+ 33. Nxc4
dxc4 34. Nf2 Bf4+ 35. Kd1 f5 36. gxf5 Rf6 37. Ne4 Rxf5 38. Ke2 Ke6 39. Rb1 Kd5
40. b3 cxb3 41. Kd3 Bd6 42. c4+ Ke6 43. Ke2 Be7 44. Rxb3 Bb4 45. Rb1 Be7 46.
Rg1 Bf6 47. Ke3 Be7 48. Rg4 Bd8 49. Nc3 Be7 50. Nd5 Bd6 51. Ke4 Bh2 52. Rg2 Bd6
53. Rg4 Bh2 54. Ke3 Bd6 55. Ke4 Bh2 56. Nc3 Rf4+ 57. Rxf4 Bxf4 58. Ne2 Bd6 59.
Nc1 c6 60. Nb3 Bb4 61. f4 gxf4 62. Kxf4 b5 63. cxb5 cxb5 64. axb5 a4 65. Na1 a3
66. Ke4 Bc3 67. Nb3 a2 68. Kd3 a1=Q 69. Nxa1 Bxa1 70. Kc4 Kd6 71. Kd3 1/2-1/2

[Event "Cto Aragón Equipos Pref Gr II"]
[Site "Aragon"]
[Date "2014.02.15"]
[Round "4.58"]
[White "Portero Garnica, Miguel Angel"]
[Black "Planas Torrea, Alberto"]
[Result "1/2-1/2"]
[WhiteElo "2124"]
[BlackElo "1920"]
[PlyCount "119"]
[EventDate "2014.??.??"]
[WhiteTeam "Marcos Frechin"]
[BlackTeam "Ejea"]

1. e4 e5 2. Nf3 Nc6 3. Bb5 Nge7 4. d4 exd4 5. Nxd4 Nxd4 6. Qxd4 Nc6 7. Bxc6
dxc6 8. Be3 Be6 9. Nc3 Qxd4 10. Bxd4 O-O-O 11. O-O-O Be7 12. f4 f6 13. h3 c5
14. Be3 Rxd1+ 15. Rxd1 c6 16. f5 Bc4 17. b3 Ba6 18. Na4 b6 19. c4 Rd8 20. Bf4
Rd4 21. Rxd4 cxd4 22. Kc2 Bb7 23. Kd3 c5 24. Nb2 Kd7 25. Nd1 Bd6 26. g3 Be5 27.
Nf2 Bd6 28. Ng4 h5 29. Nf2 Bc6 30. h4 Bxf4 31. gxf4 Kd6 32. Nh1 Be8 33. Ng3 b5
34. Nf1 bxc4+ 35. bxc4 Bf7 36. Nd2 g6 37. fxg6 Bxg6 38. Nb3 Kc6 39. Na5+ Kb6
40. Nb3 Bh7 41. Nc1 Ka5 42. Ne2 Bg6 43. f5 Bf7 44. Nf4 Kb6 45. a4 Ka5 46. Nd5
Kxa4 47. Nxf6 Kb3 48. Nd5 a5 49. e5 a4 50. e6 Be8 51. f6 a3 52. Nf4 a2 53. f7
a1=Q 54. fxe8=Q Qb1+ 55. Kd2 Qc2+ 56. Ke1 Qc1+ 57. Ke2 Qe3+ 58. Kd1 Qg1+ 59.
Ke2 Qe3+ 60. Kd1 1/2-1/2

[Event "Cto Aragón Equipos Pref Gr II"]
[Site "Aragon"]
[Date "2014.02.15"]
[Round "4.59"]
[White "Marcellan Peire, Jesus Eduardo"]
[Black "Jario Garcia, Ricardo"]
[Result "1/2-1/2"]
[WhiteElo "1886"]
[BlackElo "2120"]
[PlyCount "119"]
[EventDate "2014.??.??"]
[WhiteTeam "Ejea"]
[BlackTeam "Marcos Frechin"]

1. d4 Nf6 2. c4 g6 3. Nc3 Bg7 4. e4 d6 5. f3 O-O 6. Bd3 e5 7. d5 c6 8. Be3 cxd5
9. cxd5 Nh5 10. Nge2 f5 11. O-O f4 12. Bf2 g5 13. Kh1 Rf7 14. Nc1 Bf8 15. Be2
Nd7 16. Nd3 Ndf6 17. Rc1 Rg7 18. g4 fxg3 19. hxg3 Qd7 20. g4 Nf4 21. Nxf4 gxf4
22. Nb5 Qd8 23. Rg1 a6 24. Na3 Qe8 25. Bh4 Qg6 26. Bxf6 Qxf6 27. Rg2 b5 28. Qg1
Bd7 29. Rc7 Qd8 30. Rc1 Rc8 31. Rxc8 Bxc8 32. Rh2 Qa5 33. Bd3 Rc7 34. Qb1 Qb6
35. Rc2 Be7 36. Qc1 Bd8 37. Rxc7 Bxc7 38. Qc6 Qxc6 39. dxc6 b4 40. Bc4+ Kf8 41.
Nc2 a5 42. a3 b3 43. Bxb3 Ba6 44. a4 Be2 45. Kg2 Bd1 46. Na1 Bxb3 47. Nxb3 Ke7
48. Nd2 d5 49. exd5 Kd6 50. Ne4+ Kxd5 51. Nf6+ Kxc6 52. Nxh7 Kd5 53. g5 Ke6 54.
g6 Bd8 55. Kh3 Kf5 56. b3 Bf6 57. Nf8 e4 58. fxe4+ Kxe4 59. Kg2 Kf5 60. Nh7
1/2-1/2

[Event "Cto Aragón Equipos Pref Gr II"]
[Site "Aragon"]
[Date "2014.02.15"]
[Round "4.60"]
[White "Ciriano Lamban, Alejandro"]
[Black "Galvez Longas, Isaac"]
[Result "1-0"]
[WhiteElo "1818"]
[BlackElo "1708"]
[PlyCount "79"]
[EventDate "2014.??.??"]
[WhiteTeam "Marcos Frechin"]
[BlackTeam "Ejea"]

1. Nf3 d5 2. d4 Nf6 3. c4 e6 4. g3 c6 5. Bg2 Bb4+ 6. Bd2 Bxd2+ 7. Nbxd2 Nbd7 8.
Qc2 O-O 9. O-O Re8 10. e4 dxe4 11. Nxe4 Nxe4 12. Qxe4 Nf6 13. Qc2 Qc7 14. Rac1
b6 15. Ne5 Bb7 16. c5 b5 17. f4 Nd5 18. Qe4 f6 19. Nd3 f5 20. Qf3 Rad8 21. Rcd1
a5 22. Ne5 Bc8 23. Rfe1 Rf8 24. a4 Ba6 25. Bf1 Qb7 26. Qa3 Nb4 27. axb5 Bxb5
28. Qb3 Nd5 29. Nc4 a4 30. Qa3 Bxc4 31. Bxc4 Ra8 32. Rxe6 Rfe8 33. Rde1 Kf8 34.
Bxd5 Rxe6 35. Bxe6 Re8 36. Re5 g6 37. d5 Qa6 38. dxc6 Rxe6 39. Rxe6 Qc4 40. Qe3
1-0

[Event "Cto Aragón Equipos Pref Gr II"]
[Site "Aragon"]
[Date "2014.02.15"]
[Round "4.61"]
[White "Malo Guillen, Jose Luis"]
[Black "Bogomilov Georgiev, Georgi Ii"]
[Result "0-1"]
[WhiteElo "2211"]
[BlackElo "1931"]
[PlyCount "152"]
[EventDate "2014.??.??"]
[WhiteTeam "Las Fuentes"]
[BlackTeam "Tauste B"]

1. d4 d5 2. c4 e6 3. Nf3 Nf6 4. g3 c6 5. Bg2 Bd6 6. O-O Nbd7 7. Qc2 O-O 8. Nc3
dxc4 9. e4 e5 10. Rd1 Qc7 11. a4 exd4 12. Nxd4 Ne5 13. Ndb5 cxb5 14. Nxb5 Qa5
15. Rxd6 Qb4 16. Bd2 Qb3 17. Qxb3 cxb3 18. Bc3 Nc4 19. Rd4 Ne5 20. f4 Nc6 21.
Rd6 Bg4 22. h3 Be2 23. Kf2 Bc4 24. e5 Ne8 25. Bxc6 Nxd6 26. Nxd6 Ba6 27. Nxb7
Rac8 28. Na5 Bd3 29. Bd5 Rxc3 30. Bxb3 Rc7 31. Rd1 Bc2 32. Rd2 Bxb3 33. Nxb3
Rc4 34. Rd4 Rfc8 35. Ke3 Rc2 36. Rd2 h5 37. Nd4 Rxd2 38. Kxd2 Rc4 39. Kd3 Rxa4
40. g4 Ra1 41. Nc6 a6 42. gxh5 Rh1 43. b4 Rxh3+ 44. Kd4 Rxh5 45. Nb8 Rh6 46.
Nd7 Rh4 47. Ke4 g5 48. Nf6+ Kg7 49. Nd5 g4 50. f5 g3+ 51. Kf3 g2 52. Kxg2 Re4
53. e6 fxe6 54. fxe6 Rxe6 55. Kf3 Kf7 56. Nf4 Rd6 57. Ke4 Ke7 58. Nd3 Kd7 59.
Nc5+ Kc7 60. Ke5 Rh6 61. Kd4 Kb6 62. Kc4 Rh4+ 63. Kc3 Kb5 64. Nd3 Rh3 65. Kd4
Rh8 66. Kc3 Rc8+ 67. Kb3 Rc4 68. Kb2 Ka4 69. Ka2 Rc2+ 70. Kb1 Rc3 71. Nc1 Rc8
72. Nd3 Kb3 73. Ka1 Rc3 74. Nc5+ Kxb4 75. Nxa6+ Kb3 76. Kb1 Rc8 0-1

[Event "Cto Aragón Equipos Pref Gr II"]
[Site "Aragon"]
[Date "2014.02.15"]
[Round "4.62"]
[White "Turon Perez, David"]
[Black "Alonso Blasco, Jose Miguel"]
[Result "1/2-1/2"]
[WhiteElo "1924"]
[BlackElo "2105"]
[PlyCount "97"]
[EventDate "2014.??.??"]
[WhiteTeam "Tauste B"]
[BlackTeam "Las Fuentes"]

1. Nf3 Nf6 2. c4 e6 3. d4 Bb4+ 4. Nc3 b6 5. g3 Bb7 6. Bg2 O-O 7. O-O Bxc3 8.
bxc3 d6 9. Bg5 Nbd7 10. Re1 h6 11. Bxf6 Nxf6 12. Nd2 Bxg2 13. Kxg2 e5 14. Qc2
Qe7 15. e4 Rae8 16. a4 a5 17. Rab1 Nd7 18. Nf1 g6 19. f3 f5 20. exf5 gxf5 21.
Ne3 Qh7 22. Nd5 Nf6 23. Nxf6+ Rxf6 24. f4 e4 25. Rb5 Qf7 26. c5 dxc5 27. dxc5
Rc6 28. cxb6 cxb6 29. Re3 Rd8 30. Qb3 Rd2+ 31. Kh3 Qxb3 32. Rxb3 Kg7 33. Rb5
Kf6 34. g4 fxg4+ 35. Kxg4 Rxh2 36. Rxe4 Rc2 37. Re3 Rg2+ 38. Kh3 Ra2 39. Kg4
Rxa4 40. Rh3 Kg7 41. Re3 Rf6 42. Rf5 h5+ 43. Kg5 Rxf5+ 44. Kxf5 Rc4 45. Re7+
Kf8 46. Rb7 Rc5+ 47. Kf6 Rc6+ 48. Kg5 Rc5+ 49. Kf6 1/2-1/2

[Event "Cto Aragón Equipos Pref Gr II"]
[Site "Aragon"]
[Date "2014.02.15"]
[Round "4.63"]
[White "Mombiela De Sus, Jose Luis"]
[Black "Garcia Montolar, Cesar"]
[Result "1-0"]
[WhiteElo "2050"]
[BlackElo "1836"]
[PlyCount "71"]
[EventDate "2014.??.??"]
[WhiteTeam "Las Fuentes"]
[BlackTeam "Tauste B"]

1. c4 e5 2. g3 Nc6 3. Bg2 g6 4. Nc3 Bg7 5. e4 d6 6. Nge2 f5 7. d3 Nf6 8. O-O
O-O 9. Nd5 Be6 10. Bg5 Qd7 11. Qd2 Rf7 12. Rac1 Raf8 13. f3 b6 14. b4 Ne7 15.
d4 fxe4 16. fxe4 Nfxd5 17. Rxf7 Rxf7 18. cxd5 Bg4 19. dxe5 Bxe5 20. Nd4 c5 21.
dxc6 Bxd4+ 22. Qxd4 Nxc6 23. Qd5 Ne5 24. Bh6 Qd8 25. h3 Be2 26. Rc7 b5 27. Rxf7
Nxf7 28. Bf4 Qb6+ 29. Kh2 g5 30. Bxg5 Qf2 31. Bh6 Qf6 32. Qa8+ Nd8 33. Bf4 Kg7
34. Qxa7+ Kg6 35. e5 dxe5 36. Be4+ 1-0

[Event "Cto Aragón Equipos Pref Gr II"]
[Site "Aragon"]
[Date "2014.02.15"]
[Round "4.64"]
[White "San Lazaro Lorente, David"]
[Black "Javierre Conesa, Alfonso"]
[Result "1/2-1/2"]
[WhiteElo "1778"]
[BlackElo "1989"]
[PlyCount "79"]
[EventDate "2014.??.??"]
[WhiteTeam "Tauste B"]
[BlackTeam "Las Fuentes"]

1. d4 d5 2. Nf3 Nf6 3. e3 c5 4. c3 Nbd7 5. Bd3 g6 6. Nbd2 Bg7 7. O-O O-O 8. Re1
Qc7 9. e4 dxe4 10. Nxe4 cxd4 11. Nxf6+ Nxf6 12. Nxd4 a6 13. h3 Re8 14. Qc2 b6
15. Bg5 Bb7 16. Rad1 Rac8 17. Bxf6 Bxf6 18. Be4 Red8 19. Bxb7 Qxb7 20. Nf3 Qc7
21. Rxd8+ Rxd8 22. Rd1 Kg7 23. Rxd8 Qxd8 24. Qd2 Qxd2 25. Nxd2 Bg5 26. Nf3 Bc1
27. b3 Bb2 28. c4 Kf6 29. Kf1 e5 30. Ke2 h6 31. Kd3 Ke6 32. Ne1 f5 33. f3 a5
34. Nc2 g5 35. Ne3 Bd4 36. Nd5 h5 37. g4 hxg4 38. hxg4 Bc5 39. Nc7+ Kf6 40.
Nd5+ 1/2-1/2